00915nam a2200229 a 4500001001000000003000500010005001700015008004100032010001100073011001100084040000900095100003900104245020300143260004100346500006000387502008300447650001900530650002700549650001500576650002400591856007000615000110398CHAP20220329144130.0140825s2014 mx | |sm |||||||spa|d a106860 a107832 cCHAP1 aRuiz Cervantes, María Fernánda10aHacia el reconocimiento constitucional del pueblo afromexicano:h[En línea]buna reflexión sobre la identidad negra en la Costa Chica de Guerrero y Oaxaca /cpor María Fernanda ruiz Cervantes. aChapingo, Méx. :bEl autor,c2014. aPara ver el contenido del material haga clic en la liga aTesis (M.C. en Sociología Rural) -- UACH. Departamento de Sociología Rural14aAfromexicanos.14aEtnologíazGuerrero.14aIdentidad.14aNegros en México. aFinding aiduhttp://10.13.5.2/tesis/sist110398.pdfzTeclea aquí